Указатель к журналу "Оптика и спектроскопия" к 41 - 50 тому (июль 1976 г. - июнь 1981 г.); Оптика и спектроскопия

Dettagli Bibliografici
Parent link:Оптика и спектроскопия: научный журнал/ Академия наук СССР (АН СССР). Указатель к журналу "Оптика и спектроскопия" к 41 - 50 тому (июль 1976 г. - июнь 1981 г.).— , 1956-
Lingua:russo
Pubblicazione: 1981
Natura: MixedMaterials Libro
KOHA link:https://koha.lib.tpu.ru/cgi-bin/koha/opac-detail.pl?biblionumber=491783

MARC

LEADER 00000nam2a2200000 4500
001 491783
005 20231101100017.0
035 |a (RuTPU)RU\TPU\prd\160779 
035 |a RU\TPU\prd\160702 
090 |a 491783 
100 |a 20121129a19819999k y0rusy50 ca 
101 0 |a rus 
102 |a RU 
200 0 |a Указатель к журналу "Оптика и спектроскопия" к 41 - 50 тому (июль 1976 г. - июнь 1981 г.) 
210 |d 1981 
461 1 |0 (RuTPU)RU\TPU\prd\1660  |t Оптика и спектроскопия  |o научный журнал  |f Академия наук СССР (АН СССР)  |v Указатель к журналу "Оптика и спектроскопия" к 41 - 50 тому (июль 1976 г. - июнь 1981 г.)  |d 1956- 
801 0 |a RU  |b 63413507  |c 20010227  |g PSBO 
801 1 |a RU  |b 63413507  |c 20030619  |g PSBO 
801 2 |a RU  |b 63413507  |c 20150406  |g RCR 
942 |c BK 
999 |a НТБ_ТПУ  |b НФ  |e -4/20120110  |p П-6016  |u 0  |v 1